El Régimen cambiario más apropiado para Costa Rica en el contexto de su integración económica internacional /
Сохранить в:
| Главный автор: | |
|---|---|
| Другие авторы: | |
| Формат: | Текст |
| Предметы: | |
| Метки: |
Добавить метку
Нет меток, Требуется 1-ая метка записи!
|
MARC
| LEADER | 00000 a a2200000 04500 | ||
|---|---|---|---|
| 001 | 5451 | ||
| 003 | |||
| 040 | |||
| 100 | |a Carrillo Chaves, Carlos Enrique | ||
| 245 | |a El Régimen cambiario más apropiado para Costa Rica en el contexto de su integración económica internacional / |c Carlos Enrique Carrillo Chaves ; Mario Alberto Carrillo Chaves | ||
| 650 | |a TIPO DE CAMBIO | ||
| 650 | |a INTEGRACION ECONOMICA | ||
| 650 | |a ECONOMIA | ||
| 650 | |a MODELOS ECONOMICOS | ||
| 650 | |a COMERCIO INTENACIONAL | ||
| 650 | |a POLITICA ECONOMICA | ||
| 650 | |a DEFICIT | ||
| 700 | |a Carrillo Chaves, Mario Alberto | ||
| 773 | |g número 9; páginas 31-50 | ||
| 999 | |c 36109 |d 36109 | ||
